Statistics for Movie Subtitles

Click here to take the quiz!

General Stats

  • This quiz has been taken 41,265 times
    (11,161 since last reset)
  • The average score is 14 of 20

Answer Stats

Title Subtitle % Correct
Pirates of the CarribbeanThe Curse of the Black Pearl
94%
Star Wars Episode IThe Phantom Menace
91%
The Lord of the RingsThe Two Towers
87%
Lara CroftTomb Raider
86%
Terminator 2Judgment Day
85%
The Fast and the FuriousTokyo Drift
85%
AvengersInfinity War
81%
The Hunger GamesCatching Fire
80%
2001A Space Odyssey
79%
AnchormanThe Legend of Ron Burgundy
75%
Star Trek IIThe Wrath of Khan
70%
Austin PowersInternational Man of Mystery
68%
Robin HoodPrince of Thieves
66%
RamboFirst Blood Part II
66%
Die HardWith a Vengeance
61%
Spider-ManHomecoming
57%
TransformersRevenge of the Fallen
51%
Legally Blonde 2Red, White & Blonde
48%
Dr. Strangelove orHow I Learned to Stop Worrying
and Love the Bomb
45%
DodgeballA True Underdog Story
41%

Score Distribution

Percentile by Number Answered

Percent of People with Each Score

Your Score History

You have not taken this quiz since the last reset